Villes d'Europe sur une carte par lettre - A - Statistiques

Statistiques générales
  • Ce quiz a été pris 366 fois
  • Le résultat moyen est 5 sur 10
Réponses sur la Carte
Les réponses sont colorées sur une échelle allant du rouge au vert en fonction du pourcentage des utilisateurs qui les ont devinées à leur premier essai. Vous pouvez retrouver ces pourcentages ci-dessous.
 
Statistiques - réponses
Ville en A % Correct
Athènes
93%
Angers
87%
Anvers
83%
Aberdeen
61%
Aix-la-Chapelle
43%
Aoste
43%
Aalborg
34%
Albacete
16%
Arkhangelsk
15%
Arad
9%
Aucun quiz correspondant
Distribution des résultats
% des personnes avec chaque résultat
Percentile par nombre de réponses
Votre historique - résultats
Vous n’avez pas pris ce quiz